Hugh Johnson on wine : good bits from 55 years of scribbling (Record no. 781250)

MARC details
000 -LEADER
fixed length control field 00886nam a22002537b 4500
003 - CONTROL NUMBER IDENTIFIER
control field 3228
005 - DATE AND TIME OF LATEST TRANSACTION
control field 20250728125132.0
008 - FIXED-LENGTH DATA ELEMENTS--GENERAL INFORMATION
fixed length control field 250728b sa a|||| |||| 001 0aeng d
020 ## - INTERNATIONAL STANDARD BOOK NUMBER
International Standard Book Number <a href="9781784722623">9781784722623</a>
Qualifying information (hbk)
040 ## - CATALOGING SOURCE
Original cataloging agency RDA
Transcribing agency 3228
041 ## - LANGUAGE CODE
Language English
082 ## - DEWEY DECIMAL CLASSIFICATION NUMBER
Classification number 641.22 JOHN
942 ## - ADDED ENTRY ELEMENTS
Creator ID 175
Creator Name Naomi Ntsimane
Modifier ID 175
Modifier Name Naomi Ntsimane
100 ## - MAIN ENTRY--PERSONAL NAME
Personal name Johnson, Hugh
245 ## - TITLE STATEMENT
Title Hugh Johnson on wine : good bits from 55 years of scribbling
Statement of responsibility, etc. [editor Diane Pengelly ; illustrations Paul Hogarth].
260 ## - PUBLICATION, DISTRIBUTION, ETC.
Place of publication, distribution, etc. London :
Name of publisher, distributor, etc. Mitchell Beazley, a division of Octopus Publishing Group,
Date of publication, distribution, etc. 2016.
300 ## - PHYSICAL DESCRIPTION
Extent 288 pages :
Other physical details illustrations ; with jacket
Dimensions 25 cm.
504 ## - BIBLIOGRAPHY, ETC. NOTE
Bibliography, etc. note Includes index.
650 ## - SUBJECT ADDED ENTRY--TOPICAL TERM
Topical term or geographic name entry element Wine and wine making;
9 (RLIN) 195989
650 ## - SUBJECT ADDED ENTRY--TOPICAL TERM
Topical term or geographic name entry element Vineyards;
9 (RLIN) 195990
650 ## - SUBJECT ADDED ENTRY--TOPICAL TERM
Topical term or geographic name entry element Wineries;
Form subdivision Autobiographies.
9 (RLIN) 195991
700 ## - ADDED ENTRY--PERSONAL NAME
Personal name Pengelly, Diane
Relator term editor
9 (RLIN) 195992
700 ## - ADDED ENTRY--PERSONAL NAME
Personal name Hogarth, Paul
Relator term illustrator
9 (RLIN) 195993
942 ## - ADDED ENTRY ELEMENTS
Source of classification or shelving scheme Dewey Decimal Classification
item type Book
Holdings
Withdrawn status Lost status Source of classification or shelving scheme Damaged status Not for loan Collection code Home library Current library Shelving location Date acquired Cost, normal purchase price Total Checkouts Full call number Barcode Date last seen Price effective from item type
    Dewey Decimal Classification     600: Technology & Applied Science Standerton Regional Library Kinross General Stacks 28.07.2025 360.99   641.22 JOHN 3228200038461 28.07.2025 28.07.2025 Book
    Dewey Decimal Classification     600: Technology & Applied Science Standerton Regional Library Lebohang General Stacks 28.07.2025 360.99   641.22 JOHN 3228200038460 28.07.2025 28.07.2025 Book
    Dewey Decimal Classification     600: Technology & Applied Science Standerton Regional Library eMzinoni General Stacks 28.07.2025 360.99   641.22 JOHN 3228200038459 28.07.2025 28.07.2025 Book